Foreign Direct Investment In Automobile Industry: (Record no. 166803)

MARC details
000 -LEADER
fixed length control field 00749nam a22001937a 4500
010 ## - LCCN (DPL NO)
LC control number ENG-126149
020 ## - INTERNATIONAL STANDARD BOOK NUMBER
International Standard Book Number 9789388398084
Terms of availability 300.00
035 ## - SYSTEM CONTROL NUMBER
System control number EN-109681
037 ## - SOURCE OF ACQUISITION
Source of stock number/acquisition DBAD/PUB
082 ## - DEWEY DECIMAL CLASSIFICATION NUMBER
Classification number 332.671
100 ## - MAIN ENTRY--PERSONAL NAME
Personal name Edward,Shobha
245 ## - TITLE STATEMENT
Title Foreign Direct Investment In Automobile Industry:
Statement of responsibility, etc edited byShobha Edward [and] V.Manickavasagam
Remainder of title A Study With Reffrence To Hyundai Motor India Ltd/
260 ## - PUBLICATION, DISTRIBUTION, ETC. (IMPRINT)
Place of publication, distribution, etc Tamil Nadu
Name of publisher, distributor, etc Shanlax Publications
Date of publication, distribution, etc 2018
270 ## - ADDRESS
Address 61, T.P.K. Main Road Vasantha Nagar
City Madurai
Postal code 625003
Electronic mail address publisher@shanlaxpublications.com
Telephone number 0452-4208765
300 ## - PHYSICAL DESCRIPTION
Extent 330p.
Other physical details 22cm(pbk)
500 ## - GENERAL NOTE
General note it includes bibliography
700 ## - ADDED ENTRY--PERSONAL NAME
Personal name Shobha Edward[and] V.Manickvasagam
942 ## - ADDED ENTRY ELEMENTS (KOHA)
Source of classification or shelving scheme Dewey Decimal Classification
Item type English Books
Classification part 332.671
Call number suffix EDW
Holdings
Withdrawn status Lost status Not for loan Collection code Home library Current library Date acquired Source of acquisition Cost, normal purchase price Full call number Barcode Copy number Cost, replacement price Koha item type
      Non-fiction D.B.Act.Division Mobile Library 08/08/2019 DBAD/PUB 300.00 332.671 EDW EN-109681 1 300.00 English Books

© Delhi Public Library
Hit Counter
free hit counter